00314nam a2200133Ia 4500100002800000650003000028366000700058654001900065245003000084260002200114082001900136300000800155546001700163 aKaduskar/R.G/ Baru/V.B  aElectronic Product design f25 aproduct design aElectronic Product Design bWiley Indiac2010 a621.38132bKAD a394 aENGLISHcTTL